Estudio comparativo de sistemas de riego por goteo y por aspersión en cultivos de melocotones en la Estación Experimental de Altura de la Universidad de Costa Rica

Gardado en:
Detalles Bibliográficos
Autor Principal: Marín Arce, Ana Teresa
Formato: Libro
Publicado: San José, Costa Rica 1980
Materias:
Etiquetas: Engadir etiqueta
Sen Etiquetas, Sexa o primeiro en etiquetar este rexistro!

MARC

LEADER 00000nam a2200000Ia 4500
003 005337
005 20221231144325.0
008 140114s1980 cr a m 000 ||s d
040 |c cru CEDI 
090 |a TFG 2544 
100 |a Marín Arce, Ana Teresa  |9 12576 
245 |a Estudio comparativo de sistemas de riego por goteo y por aspersión en cultivos de melocotones en la Estación Experimental de Altura de la Universidad de Costa Rica 
260 |c 1980  |a San José, Costa Rica 
300 |a  ix, 97 hojas : ilustraciones  
500 |a Proyecto de graduación (bachiller en Ingeniería Agrícola)--Universidad de Costa Rica. Facultad de Ingeniería. Escuela de Ingeneiría Agrícola  
650 |x RIEGO - COSTA RICA   |x RIEGO POR ASPERSION - INVESTIGACIONES   |x RIEGO POR GOTEO - INVESTIGACIONES  |9 12577 
942 |c TFG 
999 |c 20163  |d 20163